Sport - Jeux Européens 2015 - Classement des pays - Statistiques

Statistiques générales
  • Ce quiz a été pris 105 fois
    10 depuis la dernière actualisation
  • Le résultat moyen est 10 sur 43
Statistiques - réponses
Rang Or Argent Bronze Total Pays % Correct
1 44 23 42 109 RUSSIE
78%
4 13 15 13 41 ITALIE
44%
9 7 6 13 26 ALLEMAGNE
33%
16 5 2 6 13 ESPAGNE
33%
7 6 9 13 28 FRANCE
33%
13 3 7 6 15 PORTUGAL
33%
25 1 2 4 7 AUTRICHE
22%
29 4 1 1 6 BELGIQUE
22%
40 0 1 0 1 BOSNIE-HERZEGOVINE
22%
12 3 7 8 18 BULGARIE
22%
22 2 1 5 8 CROATIE
22%
22 3 2 3 8 DANEMARK
22%
32 0 2 3 5 ESTONIE
22%
35 2 0 1 3 FINLANDE
22%
21 3 2 4 9 GRECE
22%
11 4 6 9 19 HONGRIE
22%
25 1 2 4 7 IRLANDE
22%
25 3 3 1 7 ISRAEL
22%
35 1 1 1 3 KOSOVO
22%
25 2 3 2 7 LETTONIE
22%
35 2 1 0 3 LITUANIE
22%
35 0 1 2 3 LUXEMBOURG
22%
32 0 1 4 5 MOLDAVIE
22%
39 0 0 2 2 NORVEGE
22%
6 9 13 7 29 PAYS-BAS
22%
15 3 1 10 14 POLOGNE
22%
19 2 3 5 10 ROUMANIE
22%
10 6 9 8 23 ROYAUME-UNI
22%
29 1 2 3 6 SERBIE
22%
34 0 1 3 4 SLOVAQUIE
22%
29 4 1 1 6 SLOVENIE
22%
22 3 1 4 8 SUEDE
22%
19 3 3 4 10 SUISSE
22%
17 2 5 6 13 TCHEQUIE
22%
13 2 6 7 15 TURQUIE
22%
3 16 17 18 51 UKRAINE
22%
18 5 3 3 11 ARMENIE
11%
7 5 10 13 28 AZERBAIDJAN
11%
2 24 16 29 69 BIELORUSSIE
11%
40 0 1 0 1 CHYPRE
11%
5 6 10 14 30 GEORGIE
11%
40 0 1 0 1 MONTENEGRO
11%
40 0 0 1 1 SAINT-MARIN
11%
Aucun quiz correspondant
Distribution des résultats
% des personnes avec chaque résultat
Percentile par nombre de réponses
Votre historique - résultats
Vous n’avez pas pris ce quiz depuis la dernière actualisation